| 000 | 00753nam a22002534a 4500 | ||
|---|---|---|---|
| 001 | ESSALUD | ||
| 007 | ta | ||
| 008 | t2016 pe gr 00| 0 spa d | ||
| 040 | _aESSALUD | ||
| 041 | _aspa | ||
| 043 | _cpe | ||
| 082 |
_a615.8 _bE78G |
||
| 110 |
_aPerú. Seguro Social de Salud (EsSalud). Gerencia de Medicina Complementaria _eautor _952807 |
||
| 245 | _aInforme anual 2016 de producción de los servicios de medicina complementaria | ||
| 250 | _a1 ed. | ||
| 260 |
_aLima : _bEsSalud, _c2016 |
||
| 300 | _a61 páginas | ||
| 650 |
_aTERAPIAS COMPLEMENTARIAS _97141 |
||
| 650 |
_aSEGURIDAD SOCIAL _92070 |
||
| 650 |
_aSERVICIOS DE SALUD _91785 |
||
| 650 | _aATENCIÓN AL PACIENTE | ||
| 650 |
_aPERÚ _913 |
||
| 942 |
_cBK _e2026-06-23 _zAFC |
||
| 999 |
_c22546 _d22546 |
||